Logo biblioteca
Santa Fe 2917, Rosario, Santa Fe
Lu-Vi 8 a 19.45
+54-341-4232362
bibliotecaeudoro@gmail.com
Facebook Biblioteca Pedagógica
Sitio web

¿Para qué enseñar sobre tantos seres vivos? (Registro nro. 32613)

Detalles MARC
000 -CABECERA
campo fijo de control de longitud 01406nab a2200253 4500
003 - IDENTIFICADOR DEL NÚMERO DE CONTROL
campo de control AR-RoBPED
005 - FECHA Y HORADE LA ULTIMA TRANSACCION
campo de control 20260423150704.0
008 - ELEMENTOS DE LONGITUD FIJA--INFORMACION GENERAL
campo fijo de control de longitud 260423b |||||||| |||| 00| 0 spa d
040 ## - FUENTE CATALOGADORA
Centro catalogador/agencia de origen AR-RoBPED
041 ## - IDIOMA
Código de idioma para texto/pista de sonido o título independiente spa
100 1# - ENCABEZAMIENTO PRINCIPAL--AUTOR PERSONAL
Nombre de persona Antonelli, Julieta
9 (RLIN) 24888
Función Licenciadas en Ciencias Biológicas
245 1# - TITULO
Título ¿Para qué enseñar sobre tantos seres vivos?
Subtítulo La diversidad como puerta de entrada a la biología /
260 ## - PUBLICACION
Lugar Buenos Aires :
Editor Noveduc,
Fecha 2024
300 ## - DESCRIPCION FISICA
Extensión 38-41 p.
500 ## - NOTA GENERAL
Nota general Se propone el trabajo con el eje de Unidad y Diversidad como concepto estructurante para la enseñanza y el aprendizaje de los contenidos biológicos, entendiendo que los jóvenes que se hayan familiarizado en su recorrido educativo con el enfoque de la diversidad biológica, habrán obtenido más y mejores herramientas para la comprensión de conceptos importantes e imprescindibles de la biología como el origen de la vida, la evolución biológica y la filogenia.
650 #7 - TERMINO DE MATERIA--CONTROLADO
Término controlado SERES VIVOS
9 (RLIN) 40
Término controlado DIVERSIDAD
9 (RLIN) 16484
Término controlado BIOLOGIA
9 (RLIN) 29
Término controlado ENSEÑANZA DE LA BIOLOGIA
9 (RLIN) 12928
700 1# - ENCABEZAMIENTO SECUNDARIO--AUTOR PERSONAL
Nombre de persona Diminich, María Cecilia
9 (RLIN) 30799
Función Licenciada en Ciencias Biológicas
773 0# - DOCUMENTO FUENTE
Host Biblionumber 20414
Host Itemnumber 41866
Place, publisher, and date of publication Buenos Aires : Noveduc, 1993-
Título Novedades Educativas
Record control number (AR-RoBPED)20414
International Standard Serial Number 03283534
942 ## - ELEMENTOS KOHA
Fuente de clasificación Universal Decimal Classification
Koha tipo de ítem Revistas
Clasificación 37(05)
Signatura librística Nov 86 N° 398 (Sept.2024)
Número Koha k.32613
945 ## - PROCESAMIENTO DE LA INFORMACIÓN LOCAL
Catalogador y fecha mar 04/2026

No hay ítems disponibles.